000 01159nam a22003257a 4500
003 CHAP
005 20220329141031.0
008 971013s1992 r 00010 d
010 _a61592
011 _a62564
035 _a66738
040 _cCHAP
090 _aFolleto 14746
100 0 0 _aPeña Olvera, Benjamín V.
_986817
245 _aPromoción del desarrollo rural en países en vías de desarrollo
260 _aMontecillo, Méx. :
_bColegio de Postgraduados,
_c1992
300 _a7 h.
500 _aAntepropuestas para presentarse ante la Organización de las Naciones Unidas para la Agricultura y la Alimentación
590 _aBATCH-UPD
_b10
_c20130110
_lUCH01
_h0001
590 _aBATCH-UPD
_b10
_c20130110
_lUCH01
_h0956
590 _aBATCH-UPD
_b10
_c20130409
_lUCH01
_h1936
590 _aBATCH-UPD
_b10
_c20130410
_lUCH01
_h0608
590 _aBATCH-UPD
_b10
_c20130914
_lUCH01
_h1155
590 _aCONVERSION
_b10
_c20130109
_lUCH01
_h1333
650 1 4 _aDesarrollo rural.
_932067
650 1 4 _aPaíses subdesarrollados
_xCondiciones rurales.
_985153
901 _aBK
942 _cFOLL
949 _aFolleto 14746
_bBC
_cUACH
_d-151960
_eTS1
_i66738
_si
999 _c61592
_d61592